00652nam a2200205Ia 4500003000900000008004100009020001800050040001600068080001500084100002800099245005000127250001300177260003000190300001300220650003400233650004100267942000700308999001500315952011600330IN-BaIIA211028s9999 xx 000 0 eng d a0-396-01919-6 cIIA Library a520.2bWOO aWoodbury, David O92015 4aThe Glass giant of palomarcDavid O. Woodbury aRev. ed. aNew YorkbDodd Meadc1970 ax, 390p. aAstronomical telescopes92016 aAstronomy and astrophysics thesaurus cBK c3857d3857 00104070aBANbBANcGENd1971-12-18g54.00l0o520.2/ WOOp4308r2021-11-05v54.00w1971-12-18yBKGRs. 54.00